| 000 | 00653cab a2200229 4500 | ||
|---|---|---|---|
| 001 | WB3403-25 | ||
| 008 | 090401t1998 xxu||||| |||| 00| 0 eng d | ||
| 035 | _a(Sirsi) u83195 | ||
| 041 | _aeng | ||
| 245 | _aSale of school fields outlawed | ||
| 260 | _c1998 | ||
| 350 | _a0 | ||
| 490 |
_aDETR News Release _v(033/ENV) 16 January 1998, (3) |
||
| 520 | _aSchool playing fields are to be protected from being sold through three key government initiatives. | ||
| 650 | _aLEGISLATION | ||
| 650 | _aPLANNING CONTROL | ||
| 650 | _aSALE | ||
| 650 | _aSCHOOL PLAYING FIELDS | ||
| 690 | _aLEISURE AND RECREATION | ||
| 942 | _n0 | ||
| 948 | _c20/01/1998 | ||
| 999 |
_c52536 _d52536 |
||